DIGITAL SYSTEM FUNDAMENTALS (Record no. 582818)

000 -LEADER
fixed length control field 00305nam a22001217a 4500
082 ## - DEWEY DECIMAL CLASSIFICATION NUMBER
Classification number 621.3815 MOT'D
100 ## - MAIN ENTRY--PERSONAL NAME
Personal name MOTIL, JOHN M
9 (RLIN) 77559
245 ## - TITLE STATEMENT
Title DIGITAL SYSTEM FUNDAMENTALS
260 ## - PUBLICATION, DISTRIBUTION, ETC.
Place of publication, distribution, etc. TOKYO
Name of publisher, distributor, etc. MCGRAW HILL
Date of publication, distribution, etc. 1972
300 ## - PHYSICAL DESCRIPTION
Extent XX, 390P
650 ## - SUBJECT ADDED ENTRY--TOPICAL TERM
Topical term or geographic name entry element DIGITAL SYSTEM FUNDAMENTALS
9 (RLIN) 77560
942 ## - ADDED ENTRY ELEMENTS (KOHA)
Koha item type Book
Holdings
Withdrawn status Lost status Damaged status Not for loan Permanent Location Current Location Shelving location Date acquired Total Checkouts Full call number Barcode Date last seen Price effective from Koha item type
        College of Electrical & Mechanical Engineering (CEME) College of Electrical & Mechanical Engineering (CEME) General Stacks 06/08/2017   621.3815 MOT'D CEME-9309 06/28/2021 06/28/2021 Book
© 2023 Central Library, National University of Sciences and Technology. All Rights Reserved.